000 00501nam a22001937a 4500
003 MPLRDC
005 20220104154643.0
008 210129b ||||| |||| 00| 0 eng d
020 _a7-80171-604-3
082 _a848.2 LW
100 _a李文博士主编
245 _a李文笑煞集. 亚当篇
_c
250 _a一版一刷
260 _a中国
_b大众文艺出版社
_c2005
300 _b
490 _a李文笑煞集.亚当篇; VOL 1
650 _a现代别集
942 _cBK
_o848.2 LW
999 _c54095
_d54085